Sports Quiz

Random Sports or NFL Quiz
Score 0/69 Timer 10:00
0 Plays Today
Hint Answer % Correct
SteelersAntonio Brown
99.2%
FalconsJulio Jones
98.6%
RavensJohn Brown
91.9%
TexansDeAndre Hopkins
90.6%
SaintsMichael Thomas
89.9%
BengalsA.J. Green
88.3%
ChiefsTyreek Hill
87%
BuccaneersMike Evans
86.1%
BroncosDemaryius Thomas
85.9%
ChargersKeenan Allen
84.5%
VikingsStefon Diggs
83.1%
PackersDavante Adams
82.7%
BrownsJarvis Landry
76.9%
SeahawksDoug Baldwin
76.5%
CardinalsLarry Fitzgerald
74.6%
RamsBrandin Cooks
74.4%
ColtsT.Y. Hilton
74.3%
VikingsAdam Thielen
73.9%
RaidersAmari Cooper
72.8%
PatriotsJulian Edelman
69.7%
SteelersJuJu Smith-Schuster
69.5%
LionsGolden Tate
69.5%
BearsAllen Robinson
62.1%
ChiefsSammy Watkins
61.5%
RamsRobert Woods
59.5%
RamsCooper Kupp
59.5%
GiantsOdell Beckham Jr.
58.6%
Lions Kenny Golladay
55.9%
EaglesAlshon Jeffery
55.4%
GiantsSterling Shepard
54.6%
BroncosEmmanuel Sanders
52.1%
RaidersJordy Nelson
51.8%
BrownsJosh Gordon
51.5%
PackersRandall Cobb
49.5%
ChargersMike Williams
48.6%
Hint Answer % Correct
BuccaneersDeSean Jackson
48.4%
JetsRobby Anderson
48.3%
Panthers D.J. Moore
46.7%
TitansCorey Davis
46%
TexansWill Fuller
44.2%
CowboysCole Beasley
44.2%
49ersMarquise Goodwin
43.6%
FalconsCalvin Ridley
43.1%
PatriotsChris Hogan
42.9%
Panthers Devin Funchess
42.8%
RavensMichael Crabtree
42%
FalconsMohamed Sanu
41.4%
DolphinsDeVante Parker
40.5%
EaglesNelson Agholor
39.2%
DolphinsDanny Amendola
37.9%
DolphinsKenny Stills
37.4%
BuccaneersChris Godwin
36.6%
BillsKelvin Benjamin
36.5%
JaguarsDede Westbrook
34.6%
RedskinsJamison Crowder
33.8%
Lions Marvin Jones Jr.
33.7%
CowboysAllen Hurns
33.7%
49ersPierre Garcon
29.8%
RedskinsJosh Doctson
28.2%
CardinalsChristian Kirk
27.9%
CowboysMichael Gallup
27.2%
JaguarsKeelan Cole
26.9%
JetsQuincy Enunwa
21%
RedskinsPaul Richardson
19.9%
TitansRishard Matthews
17.5%
PackersGeronimo Allison
17.2%
JaguarsDonte Moncrief
15.5%
TitansTaywan Taylor
12.6%
SaintsCameron Meredith
10.6%
Remove Ads.
Support Sporcle.
Get the best of Sporcle when you Go Orange. This ad-free experience offers more features, more stats, and more fun while also helping to support Sporcle. Thank you for becoming a member.

You're not logged in!

Compare scores with friends on all Sporcle quizzes.
OR
Log In

Show Comments

Extras

Created Dec 11, 2018ReportNominate
Tags:NFL Quiz, 2018-2019, Receiver, Wide

Top Quizzes Today


Score Distribution

Your Account Isn't Verified!

In order to create a playlist on Sporcle, you need to verify the email address you used during registration. Go to your Sporcle Settings to finish the process.

Report this User

Report this user for behavior that violates our Community Guidelines.

Details: